Economía política: acerca del debate de las pensiones
Na minha lista:
| Formato: | Texto |
|---|---|
| Assuntos: | |
| Tags: |
Adicionar Tag
Sem tags, seja o primeiro a adicionar uma tag!
|
MARC
| LEADER | 00000 a a2200000 04500 | ||
|---|---|---|---|
| 001 | 6773 | ||
| 003 | |||
| 040 | |||
| 245 | |a Economía política: |b acerca del debate de las pensiones | ||
| 650 | |a ECONOMIA | ||
| 650 | |a POLITICA | ||
| 650 | |a PENSIONES DE JUBILACION | ||
| 650 | |a PRESUPUESTO NACIONAL | ||
| 650 | |a HACIENDA PUBLICA | ||
| 650 | |a POLITICA FINANCIERA | ||
| 650 | |a EL SALVADOR | ||
| 773 | |g volumen 27, número 1208; páginas 7-9 | ||
| 999 | |c 28345 |d 28345 | ||
